000 00737cab a2200241 4500
001 WB3402-28
008 090401t1998 xxu||||| |||| 00| 0 eng d
035 _a(Sirsi) u83072
041 _aeng
245 _aProfessional liability guidance
260 _c1998
350 _a0
490 _aCSM
_bChartered Surveyor Monthly
_vJanuary 1998, 10(1)
520 _aA report on professional liability aimed at members in the public and corporate sectors, is published by the RICS.
650 _aCORPORATE SECTOR
650 _aGUIDANCE
650 _aPROFESSIONAL LIABILITY
650 _aPUBLIC SECTOR
650 _aRICS REPORT
690 _aMANAGEMENT-BUSINESS MANAGEMENT-PROFESSIONAL PRACTICE
942 _n0
948 _c13/01/1998
999 _c52475
_d52475